000 01140cam a22003497a 4500
003 CHAP
005 20220817041023.0
008 971013s1991 r 00010 d
010 _a4721
011 _a5693
035 _a4908
040 _cCHAP
090 _aFolleto 12671
100 0 0 _aTorres Barrientos, B. Indalecio.
_9114045
245 1 3 _aLa producción de leche en México
_b: sistema de producción
260 _aMéxico, D. F. :
_bFideicomisos Instituidos en Realación con la Agricultura,
_c1991
300 _app. 26-48
_b; ilus. ; gráfs.
410 _aFIRA
490 0 _aBoletin informativo
_v; 23 (227)
501 _aEnc. con impresos similares
590 _aBATCH-UPD
_b10
_c20130110
_lUCH01
_h1304
590 _aBATCH-UPD
_b10
_c20130410
_lUCH01
_h0820
590 _aBATCH-UPD
_b10
_c20130914
_lUCH01
_h0649
590 _aCONVERSION
_b10
_c20130109
_lUCH01
_h1304
650 1 4 _aLeche
_xProducción.
_965400
650 1 4 _aSistemas de producción.
_9106767
810 _aFIRA
_941029
830 0 _aBoletin informativo
_v; 23 (227)
901 _aBK
942 _cFOLL
949 _aFolleto 12671
_bBC
_cFOLL
_d-14472
_eTS1
_i4908
_si
999 _c4721
_d4721